Wavelength - Statistics

General Stats
  • This quiz has been taken 33 times
  • The average score is 4 of 7
Answer Stats
Hint Answer % Correct
Movie= Avengers EndgameFood= Pizza Animal= Golden Retviever Car Brand= Toyota Videogame= Minecraft 87
90%
Movie= Star Wars: Revenge Of The SithFood= Choclate Animal= Cat, Medium Fur Car Brand= Honda Videogame= Fortnite Prime 100
65%
Movie= Plan 9 from Outer SpaceFood= Durian Animal= Naked Mole Rat Car Brand= Zastava Videogame= Custer's Revenge 0
48%
Movie= Napoleon DynamiteFood= Tofu Animal= Armadillo Car Brand= Mitsubishi Videogame= Stardew Valley 42
48%
Movie= National TreasureFood= Egg Salad Animal= Ferret Car Brand= Subaru Videogame= The Sims 3 53
48%
Movie= The RoomFood= Liver Animal= Blobfish Car Brand= Fiat Videogame= Goat Simulator 21
45%
Movie= The Maze RunnerFood= Quesadilla Animal= Penguin Car Brand= Mazda Videogame= Assasin's Creed 68
42%
No matching quizzes found
Score Distribution
Percent of People with Each Score
Percentile by Number Answered
Your Score History
You have not taken this quiz